000 01075nam a2200253 a 4500
001 79902
003 BD-RjUL
005 20230201101229.0
008 220602s2005 bg a|||| m||| 00| 0 eng d
035 _a(BD-RjUL)79902
040 _aBD-RjUL
_beng
_cBD-RjUL
_dBD-RjUL
041 _aeng
082 _a597.17
_bISE 2005
_223
100 _aIslam, Mohammad Amirul
_93387
245 0 1 _aEcobiology, Fishery, Nutritional Composition and Lipoytic Properties of Mugil Parsia Harvested from Suthern Region of Bangladesh /
_cMohammad Amirul Islam ;
_6Supervisor : Nurul Absar, Supervision : N.I.M. Abdus Salam Bhuiyan,
260 _aRajshahi :
_bInstitute of Biological Sciences, University of Rajshahi,
_c2005
300 _a[20], 179 Leaves :
_bill, ;
_c29 cm.
502 _aThesis (Ph. D.) -- Institute of Biological Sciences, University of Rajshahi, 2005
504 _aReferences : Leaves [168]-179
650 _aEcobiology
_vLipoytic Properties
_93388
700 _aAbsar, Nurul, Supervisor
_93389
700 _aBhuiyan, N.I.M. Abdus Salam, Supervision
_93390
942 _2ddc
_cTHE
999 _c79902
_d79902